Regulatory restructuring and strategic evolution: Lessons for the American experience.

Použitie historickej analýzy na objasnenie úlohy americkej vlády pri transformovaní odvetví energie a telekomunikácií. Vplyvy štátnej politiky na dezagregáciu, organizačnú reštrukturalizáciu a diverzifikáciu spoločností. Porovnanie rozvoja týchto odborov v súčasnosti a budúcnosti.

Saved in:
Bibliographic Details
Main Author: Russo, M.V
Format: Book Chapter
Language:English
Subjects:
Tags: Add Tag
No Tags, Be the first to tag this record!

MARC

LEADER 00000naa a2200000 4500
001 r004982
005 20221213085156.1
041 0 |a eng 
044 |a GB 
245 1 0 |a Regulatory restructuring and strategic evolution: Lessons for the American experience.  |c M.V. Russo 
520 |a Použitie historickej analýzy na objasnenie úlohy americkej vlády pri transformovaní odvetví energie a telekomunikácií. Vplyvy štátnej politiky na dezagregáciu, organizačnú reštrukturalizáciu a diverzifikáciu spoločností. Porovnanie rozvoja týchto odborov v súčasnosti a budúcnosti. 
610 2 0 |a zmeny štruktúrne 
610 2 0 |a štát 
610 2 0 |a USA 
610 2 0 |a diverzifikácia 
610 2 0 |a energetika 
610 2 0 |a telekomunikácie 
610 2 0 |a dezagregácia 
610 2 0 |a intervencionizmus štátny 
100 1 |a Russo, M.V.